| 000 | 01314nam a2200253Ia 4500 | ||
|---|---|---|---|
| 999 |
_c54631 _d54631 |
||
| 001 | 21698 | ||
| 003 | GE_BSU | ||
| 005 | 20250728162610.0 | ||
| 008 | 181216s2017||||ge |||||||||||||| ||geo|| | ||
| 020 | _a9789941248856 | ||
| 040 | _cGE_BSU | ||
| 041 | _ageo | ||
| 080 | _a27-36 თ-54 | ||
| 245 |
_aႧვენი. [ტ.] 29, 11 ოქტომბერი - 20 ოქტომბერი (ახალი სტილით 24 ოქტომბერი - 2 ნოემბერი) / _c პროექტის ავტორი და რედაქტორი თამარ მამაცაშვილი ; შემდგენელი კახაბერ კენკიშვილი ; დიზაინერი რატი თორდია. |
||
| 264 |
_aთბილისი : _bპალიტრა L, _c2017. |
||
| 300 |
_a352 გვ. ; _c22 სმ. |
||
| 490 | _aჟურნალ ”კარიბჭის” ბიბლიოთეკა | ||
| 541 | _h6 ლ. | ||
| 653 | _aთვენი. 11 ოქტომბერი -20 ოქტომმბერი. 29 | ||
| 653 | _aრელიგია | ||
| 653 | _aწმინდა მამათა ცხოვრება | ||
| 653 | _aწმინდანთა ცხოვრება | ||
| 942 |
_cBK _2udc |
||